[Event "BAN-chT Premier"]
[Site "Dhaka"]
[Date "2022.12.02"]
[Round "3.2"]
[White "Mohammad, Shameem"]
[Black "Mendonca, Leon Luke"]
[Result "0-1"]
[WhiteElo "1892"]
[BlackElo "2565"]
[PlyCount "88"]
[EventDate "2022.11.30"]
[EventType "team-tourn"]
[EventRounds "11"]
[EventCountry "BAN"]
[SourceTitle "CBM 211 Extra"]
[Source "ChessBase"]
[SourceDate "2023.01.31"]
[SourceVersion "1"]
[SourceVersionDate "2023.01.31"]
[SourceQuality "1"]
[WhiteTeam "Sultana Kamal Smirity Pathagar"]
[BlackTeam "Manha's Castle"]
[WhiteTeamCountry "BAN"]
[BlackTeamCountry "BAN"]

1. d4 Nf6 2. c4 c5 3. Nf3 cxd4 4. Nxd4 b6 5. Nc3 Bb7 6. Bf4 g6 7. Qd3 Bg7 8. Bxb8 Qxb8 9. Nf3 0-0 10. g3 Ng4 11. Bg2 Ne5 12. Nxe5 Bxg2 13. Rg1 Qxe5 14. Rxg2 Qa5 15. Rc1 Qb4 16. b3 d5 17. Kf1 dxc4 18. Qxc4 Qa3 19. Nb5 Qxa2 20. Rg1 Bb2 21. Rc2 Rac8 22. Qxc8 Rxc8 23. Rxc8+ Kg7 24. Kg2 Qxb3 25. Nxa7 Qa4 26. Nc6 Qe4+ 27. Kf1 Qe6 28. Na7 Qd7 29. Kg2 Qxa7 30. Rc2 Bd4 31. Rd1 Bc5 32. Rdc1 Bd6 33. Rb1 Qb7+ 34. Kg1 b5 35. e3 b4 36. Rcb2 Qd5 37. h4 Qc4 38. Kg2 h5 39. Kf3 f6 40. Kg2 Qe4+ 41. Kg1 g5 42. hxg5 fxg5 43. Rd1 h4 44. gxh4 Qg4+ 0-1

[Event "BAN-chT 1st League"]
[Site "Dhaka"]
[Date "2022.03.19"]
[Round "10.4"]
[White "Mortuza Mahathir, Islam"]
[Black "Mohammad, Shameem"]
[Result "1/2-1/2"]
[WhiteElo "1884"]
[BlackElo "1885"]
[PlyCount "36"]
[EventDate "2022.03.10"]
[EventType "team-tourn"]
[EventRounds "11"]
[EventCountry "BAN"]
[SourceTitle "EXT 2023"]
[Source "ChessBase"]
[SourceDate "2022.10.05"]
[SourceVersion "1"]
[SourceVersionDate "2022.10.05"]
[SourceQuality "1"]
[WhiteTeam "Mir CC"]
[BlackTeam "Sultana Kamal Smirity Pathagar"]
[WhiteTeamCountry "BAN"]
[BlackTeamCountry "BAN"]

1. d4 Nf6 2. Bg5 Ne4 3. Bf4 d5 4. e3 g6 5. Nd2 Nxd2 6. Qxd2 Bg7 7. Nf3 0-0 8. h3 Nd7 9. Bd3 c5 10. c3 Qa5 11. 0-0 Nf6 12. Be5 Bd7 13. dxc5 Qxc5 14. Bd4 Qc7 15. Be5 Qb6 16. Bd4 Qc7 17. Be5 Qb6 18. Bd4 Qc7 1/2-1/2

[Event "Dhaka Sheikh Hasina op"]
[Site "Dhaka"]
[Date "2021.09.27"]
[Round "9"]
[White "Mohammad, Shameem"]
[Black "Marzouq, Chowdhury"]
[Result "0-1"]
[WhiteElo "1932"]
[BlackElo "1801"]
[PlyCount "122"]
[EventDate "2021.09.19"]
[EventType "swiss"]
[EventRounds "9"]
[EventCountry "BAN"]
[SourceTitle "CBM 204 Extra"]
[Source "ChessBase"]
[SourceDate "2021.11.30"]
[SourceVersion "1"]
[SourceVersionDate "2021.11.30"]
[SourceQuality "1"]

1. d4 d5 2. Nf3 Nf6 3. g3 c5 4. Bg2 cxd4 5. 0-0 h6 6. Bf4 e6 7. Bxb8 Rxb8 8. Qxd4 b6 9. c4 Bc5 10. Qd1 0-0 11. cxd5 Nxd5 12. Nbd2 Ba6 13. a3 Qf6 14. Ra2 Rfd8 15. Ne4 Qe7 16. Qe1 Bc4 17. Ra1 Bb3 18. Ne5 Rbc8 19. Nd3 Bd4 20. Rc1 Bc2 21. Qd2 Bxd3 22. exd3 f5 23. Nc3 Bxc3 24. bxc3 Qxa3 25. Qe2 Qd6 26. Bxd5 Qxd5 27. d4 a5 28. Rfe1 b5 29. Rb1 Rc4 30. Qxe6+ Qxe6 31. Rxe6 b4 32. cxb4 Rxb4 33. Rc1 Rbxd4 34. Rc7 R8d7 35. Rxd7 Rxd7 36. Re5 Ra7 37. Rxf5 a4 38. Rd5 Kf7 39. Kf1 Ke6 40. Rd1 a3 41. Ke2 Ke5 42. Ke3 g5 43. Ra1 g4 44. Ra2 Kd5 45. Kf4 Ra4+ 46. Kf5 h5 47. Kg5 Kc4 48. Rxa3 Rxa3 49. Kxh5 Rf3 50. Kxg4 Rxf2 51. h4 Kd5 52. Kg5 Ke6 53. g4 Kf7 54. Kh6 Rf4 55. Kg5 Ra4 56. h5 Kg7 57. h6+ Kh7 58. Kh5 Ra5+ 59. g5 Rb5 60. Kg4 Kg6 61. Kf4 Rxg5 0-1

[Event "Dhaka Sheikh Hasina op"]
[Site "Dhaka"]
[Date "2021.09.22"]
[Round "4"]
[White "Wadifa, Ahmed"]
[Black "Mohammad, Shameem"]
[Result "0-1"]
[WhiteElo "1724"]
[BlackElo "1932"]
[PlyCount "130"]
[EventDate "2021.09.19"]
[EventType "swiss"]
[EventRounds "9"]
[EventCountry "BAN"]
[SourceTitle "CBM 204 Extra"]
[Source "ChessBase"]
[SourceDate "2021.11.30"]
[SourceVersion "1"]
[SourceVersionDate "2021.11.30"]
[SourceQuality "1"]

1. e4 c5 2. Nf3 d6 3. d4 cxd4 4. Nxd4 Nf6 5. Nc3 a6 6. h3 e6 7. g4 h6 8. Be3 b5 9. Bg2 Bb7 10. a3 Nbd7 11. Nb3 Rc8 12. 0-0 Ne5 13. Re1 Nc4 14. Bc1 Qc7 15. Nd4 Be7 16. Kh1 0-0 17. f4 Nh7 18. Nce2 Bh4 19. Rf1 Bf6 20. b3 Na5 21. Ra2 Bxd4 22. Nxd4 Nc6 23. Nxc6 Qxc6 24. Re1 Rfd8 25. Qf3 d5 26. e5 d4 27. Qxc6 Bxc6 28. Bd2 Nf8 29. Bb4 Bxg2+ 30. Kxg2 Ng6 31. Kg3 d3 32. cxd3 Rxd3+ 33. Kf2 Rxh3 34. Rd2 Nxf4 35. Re3 Rh2+ 36. Kg3 Rxd2 37. Bxd2 Nd5 38. Rd3 Kh7 39. Kh4 Kg6 40. Rd4 Rc2 41. a4 bxa4 42. bxa4 Rc6 43. a5 Rc5 44. Rd3 f6 45. exf6 gxf6 46. Kg3 h5 47. gxh5+ Kxh5 48. Rd4 Kg6 49. Rg4+ Kf5 50. Rh4 e5 51. Rh7 Ke6 52. Ra7 Rc6 53. Kf3 f5 54. Ra8 e4+ 55. Ke2 Ke5 56. Re8+ Re6 57. Rf8 f4 58. Rf7 f3+ 59. Kf2 Kd4 60. Bg5 Kd3 61. Rd7 Kc4 62. Be3 Rg6 63. Ba7 Rg2+ 64. Kf1 e3 65. Rxd5 e2+ 0-1

[Event "Dhaka Sheikh Hasina op"]
[Site "Dhaka"]
[Date "2021.09.21"]
[Round "3"]
[White "Mohammad, Shameem"]
[Black "Sadnan Hasan, Dihan"]
[Result "0-1"]
[WhiteElo "1932"]
[BlackElo "2106"]
[PlyCount "74"]
[EventDate "2021.09.19"]
[EventType "swiss"]
[EventRounds "9"]
[EventCountry "BAN"]
[SourceTitle "CBM 204 Extra"]
[Source "ChessBase"]
[SourceDate "2021.11.30"]
[SourceVersion "1"]
[SourceVersionDate "2021.11.30"]
[SourceQuality "1"]

1. d4 Nf6 2. c4 e6 3. Nf3 d5 4. g3 dxc4 5. Bg2 a6 6. Ne5 Bb4+ 7. Nc3 Nd5 8. Bd2 Nb6 9. e3 N8d7 10. Nxd7 Qxd7 11. Ne4 Qe7 12. a3 Bxd2+ 13. Nxd2 e5 14. 0-0 c6 15. dxe5 Qxe5 16. a4 a5 17. Qc2 Bf5 18. Nxc4 Bxc2 19. Nxe5 Bxa4 20. Rfc1 Bb5 21. Nf3 a4 22. Nd4 Bc4 23. Nf5 0-0-0 24. Rd1 g6 25. Nd6+ Kc7 26. Nxc4 Nxc4 27. Rdb1 Nd2 28. Re1 b5 29. Rec1 Rd6 30. Rc3 Nb3 31. Re1 Rhd8 32. Bf3 b4 33. Rc2 c5 34. Kg2 Rd2 35. Re2 Rxe2 36. Bxe2 Rd2 37. Rxd2 Nxd2 0-1

[Event "Dhaka Sheikh Hasina op"]
[Site "Dhaka"]
[Date "2021.09.20"]
[Round "2"]
[White "Ahmed, Shafiq"]
[Black "Mohammad, Shameem"]
[Result "1/2-1/2"]
[WhiteElo "2127"]
[BlackElo "1932"]
[PlyCount "67"]
[EventDate "2021.09.19"]
[EventType "swiss"]
[EventRounds "9"]
[EventCountry "BAN"]
[SourceTitle "CBM 204 Extra"]
[Source "ChessBase"]
[SourceDate "2021.11.30"]
[SourceVersion "1"]
[SourceVersionDate "2021.11.30"]
[SourceQuality "1"]

1. e4 d6 2. d4 g6 3. Nf3 Nf6 4. Nc3 Bg7 5. Bc4 0-0 6. Qe2 c6 7. Bb3 b5 8. e5 dxe5 9. dxe5 Ng4 10. h3 Nh6 11. Ne4 Nf5 12. c3 b4 13. g4 Ba6 14. Bc4 Bxc4 15. Qxc4 Qd5 16. Qxd5 cxd5 17. Nc5 Nh6 18. cxb4 Nc6 19. Na6 f5 20. Bxh6 Bxh6 21. g5 Bg7 22. e6 Bxb2 23. Rb1 Bc3+ 24. Ke2 Rad8 25. Kd3 d4 26. b5 Na5 27. Nc5 Rd6 28. Ne5 Rc8 29. Ned7 Rc7 30. Rhc1 Nb7 31. Nxb7 Rxb7 32. Rc2 Rc7 33. Re2 Ba5 34. Rb3 1/2-1/2

[Event "Dhaka Bangabandhu op-A"]
[Site "Dhaka"]
[Date "2021.03.16"]
[Round "8"]
[White "Mohammad, Shameem"]
[Black "Sakline Mostafa, Sajid"]
[Result "1/2-1/2"]
[WhiteElo "2008"]
[BlackElo "1564"]
[PlyCount "107"]
[EventDate "2021.03.09"]
[EventType "swiss"]
[EventRounds "9"]
[EventCountry "BAN"]
[SourceTitle "CBM 201 Extra"]
[Source "ChessBase"]
[SourceDate "2021.05.31"]
[SourceVersion "1"]
[SourceVersionDate "2021.05.31"]
[SourceQuality "1"]

1. d4 Nf6 2. c4 e6 3. Nf3 b6 4. g3 Ba6 5. Qa4 Bb7 6. Bg2 c5 7. dxc5 Bxc5 8. 0-0 0-0 9. Nc3 Bc6 10. Qc2 Re8 11. Bf4 d6 12. a3 a5 13. Rfd1 Qe7 14. Na4 e5 15. Bg5 h6 16. Bxf6 Qxf6 17. Nxc5 dxc5 18. e4 Nd7 19. Nh4 Nf8 20. Nf5 Rad8 21. Rxd8 Rxd8 22. Rd1 Ne6 23. Rxd8+ Qxd8 24. Ne3 Nd4 25. Qd1 Qd7 26. Nd5 Bxd5 27. exd5 Qf5 28. h4 Kf8 29. Qe1 Ke7 30. f4 Kd6 31. fxe5+ Qxe5 32. Qxe5+ Kxe5 33. Kf2 Nf5 34. Bh3 Nd6 35. Bf1 Ke4 36. Be2 g5 37. hxg5 hxg5 38. Bf1 f5 39. Be2 f4 40. gxf4 gxf4 41. Bf3+ Kd3 42. Be2+ Ke4 43. Bf3+ Ke5 44. Be2 Nf5 45. Bd3 Nd4 46. Bf1 Nf5 47. Kf3 Nd4+ 48. Kf2 Nf5 49. Bd3 Nd6 50. Kf3 Kd4 51. Bf1 Ke5 52. Bd3 Kd4 53. Be2 Ke5 54. Bd3 1/2-1/2

[Event "Dhaka Bangabandhu op-A"]
[Site "Dhaka"]
[Date "2021.03.15"]
[Round "7"]
[White "Avik, Sarker"]
[Black "Mohammad, Shameem"]
[Result "1/2-1/2"]
[WhiteElo "2030"]
[BlackElo "2008"]
[PlyCount "96"]
[EventDate "2021.03.09"]
[EventType "swiss"]
[EventRounds "9"]
[EventCountry "BAN"]
[SourceTitle "CBM 201 Extra"]
[Source "ChessBase"]
[SourceDate "2021.05.31"]
[SourceVersion "1"]
[SourceVersionDate "2021.05.31"]
[SourceQuality "1"]

1. d4 Nf6 2. c4 d5 3. Nc3 g6 4. cxd5 Nxd5 5. e4 Nxc3 6. bxc3 Bg7 7. Nf3 c5 8. Be2 Nc6 9. Be3 Qa5 10. 0-0 0-0 11. Qb3 cxd4 12. cxd4 Qb4 13. Rab1 Qxb3 14. Rxb3 b6 15. Rc1 Bb7 16. d5 Na5 17. Rbb1 Rac8 18. Nd4 Rxc1+ 19. Rxc1 Rc8 20. Rxc8+ Bxc8 21. Nb5 Ba6 22. Kf1 Bxb5 23. Bxb5 Nb7 24. f4 Bb2 25. Ke2 Nd6 26. Bd3 f6 27. Kd2 Kf7 28. Kc2 Ba1 29. a4 e6 30. a5 bxa5 31. Bxa7 exd5 32. exd5 f5 33. Kb3 Ke7 34. Bb6 Kd7 35. Bxa5 Bd4 36. Bd2 Kc7 37. h3 h5 38. Bc3 Bxc3 39. Kxc3 Ne8 40. Kd4 Kd6 41. g4 hxg4 42. hxg4 Nf6 43. gxf5 gxf5 44. Bc4 Nh5 45. Ke3 Nf6 46. Kd4 Nh5 47. Ke3 Nf6 48. Kd4 Nh5 1/2-1/2

[Event "Dhaka Bangabandhu op-A"]
[Site "Dhaka"]
[Date "2021.03.13"]
[Round "5"]
[White "Wadifa, Ahmed"]
[Black "Mohammad, Shameem"]
[Result "1-0"]
[WhiteElo "1525"]
[BlackElo "2008"]
[PlyCount "155"]
[EventDate "2021.03.09"]
[EventType "swiss"]
[EventRounds "9"]
[EventCountry "BAN"]
[SourceTitle "CBM 201 Extra"]
[Source "ChessBase"]
[SourceDate "2021.05.31"]
[SourceVersion "1"]
[SourceVersionDate "2021.05.31"]
[SourceQuality "1"]

1. e4 d6 2. d4 Nf6 3. Nc3 g6 4. Be3 Bg7 5. Qd2 Ng4 6. Bg5 h6 7. Bh4 0-0 8. 0-0-0 c6 9. h3 Nf6 10. f4 Re8 11. e5 dxe5 12. dxe5 Qxd2+ 13. Rxd2 Nh5 14. Nge2 Nxf4 15. Nxf4 g5 16. Bc4 Bxe5 17. Ng6 Bxc3 18. bxc3 gxh4 19. Nxe7+ Rxe7 20. Rd8+ Kg7 21. Rxc8 b5 22. Bd3 a5 23. Rf1 Rea7 24. Rf4 Nd7 25. Rg4+ Kf6 26. Rxc6+ Ke7 27. Re4+ Kf8 28. Bxb5 Rb8 29. a4 Rb6 30. Rxb6 Nxb6 31. c4 Rc7 32. Rxh4 Kg7 33. Kd2 Nc8 34. Rd4 Kf6 35. Kd3 Ne7 36. Rd6+ Ke5 37. Rxh6 Ng6 38. Rh5+ f5 39. g3 Rg7 40. c5 Kf6 41. Kd4 Ne7 42. Rh6+ Kf7 43. Bc4+ Ke8 44. c6 Kd8 45. Kc5 Kc7 46. Rd6 Nc8 47. Rd3 Nb6 48. Bb5 Rg5 49. h4 Rh5 50. Kd4 f4 51. gxf4 Rxh4 52. Ke5 Rh1 53. Kf6 Rh6+ 54. Kg5 Rh2 55. c4 Rg2+ 56. Kf6 Rg4 57. c5 Nc8 58. Rd7+ Kb8 59. c7+ Kb7 60. c6+ Kb6 61. f5 Rg3 62. Kf7 Rh3 63. f6 Rh7+ 64. Kg6 Rh3 65. f7 Rg3+ 66. Kf5 Rf3+ 67. Kg4 Rf6 68. Rd8 Rxf7 69. Rxc8 Rf2 70. Rh8 Kxc7 71. Rh7+ Kb8 72. c7+ Kb7 73. Ba6+ Kb6 74. c8Q Rg2+ 75. Kf5 Rf2+ 76. Kg6 Rg2+ 77. Kf7 Rf2+ 78. Kg8 1-0

[Event "Dhaka Bangabandhu op-A"]
[Site "Dhaka"]
[Date "2021.03.11"]
[Round "3"]
[White "Mohammad, Shameem"]
[Black "Subrota, Biswas"]
[Result "0-1"]
[WhiteElo "2008"]
[BlackElo "2262"]
[PlyCount "62"]
[EventDate "2021.03.09"]
[EventType "swiss"]
[EventRounds "9"]
[EventCountry "BAN"]
[SourceTitle "CBM 201 Extra"]
[Source "ChessBase"]
[SourceDate "2021.05.31"]
[SourceVersion "1"]
[SourceVersionDate "2021.05.31"]
[SourceQuality "1"]

1. d4 Nf6 2. c4 e6 3. Nf3 d5 4. g3 dxc4 5. Bg2 a6 6. Ne5 Bb4+ 7. Nc3 Nd5 8. Bd2 Nb6 9. a3 Be7 10. e3 N8d7 11. Bc6 0-0 12. Nxd7 Nxd7 13. Bg2 Rb8 14. a4 b5 15. axb5 axb5 16. Ra7 c5 17. Qa1 cxd4 18. exd4 e5 19. Be3 exd4 20. Bxd4 Nc5 21. 0-0 Qxd4 22. Rxe7 Nd3 23. Nd1 Bg4 24. Re4 Qd7 25. Ne3 f5 26. Rxg4 fxg4 27. Qa2 Kh8 28. Nd5 Ne5 29. Be4 Nf3+ 30. Kg2 Qe8 31. Qb1 Nd2 0-1

[Event "BAN-chT 1st League"]
[Site "Dhaka"]
[Date "2021.03.01"]
[Round "5.3"]
[White "Abdullah Al, Raison"]
[Black "Mohammad, Shameem"]
[Result "0-1"]
[WhiteElo "1784"]
[BlackElo "2008"]
[PlyCount "74"]
[EventDate "2021.02.25"]
[EventType "team-tourn"]
[EventRounds "11"]
[EventCountry "BAN"]
[SourceTitle "EXT 2022"]
[Source "ChessBase"]
[SourceDate "2021.10.06"]
[SourceVersion "1"]
[SourceVersionDate "2021.10.06"]
[SourceQuality "1"]
[WhiteTeam "Basir Memorial"]
[BlackTeam "Sultana Kamal Smirity Pathagar"]
[WhiteTeamCountry "BAN"]
[BlackTeamCountry "BAN"]

1. e4 d6 2. d4 Nf6 3. Nc3 g6 4. f4 Bg7 5. Bd3 0-0 6. Nf3 b6 7. 0-0 Ba6 8. Qe2 Bxd3 9. Qxd3 c6 10. a4 Qc7 11. e5 dxe5 12. dxe5 Rd8 13. Qe2 Nd5 14. Ne4 Qc8 15. Bd2 c5 16. Rae1 Nc6 17. Ng3 Nd4 18. Nxd4 cxd4 19. Qd3 Qc6 20. f5 Ne3 21. Bxe3 dxe3 22. Qxe3 Qxc2 23. Re2 Qxa4 24. Kh1 Rd1 25. e6 Rxf1+ 26. Nxf1 Bf6 27. exf7+ Kxf7 28. b3 Qc6 29. Ng3 Rc8 30. Re1 Qd5 31. Qh6 Rh8 32. Qe3 gxf5 33. Qh6 e6 34. Nh5 Qd4 35. Rc1 Be5 36. h3 a5 37. Nf6 Qf4 0-1

[Event "BAN-chT 1st League"]
[Site "Dhaka"]
[Date "2021.02.25"]
[Round "1.3"]
[White "Haque, Masudul"]
[Black "Mohammad, Shameem"]
[Result "1/2-1/2"]
[WhiteElo "2082"]
[BlackElo "2008"]
[PlyCount "142"]
[EventDate "2021.02.25"]
[EventType "team-tourn"]
[EventRounds "11"]
[EventCountry "BAN"]
[SourceTitle "EXT 2022"]
[Source "ChessBase"]
[SourceDate "2021.10.06"]
[SourceVersion "1"]
[SourceVersionDate "2021.10.06"]
[SourceQuality "1"]
[WhiteTeam "Morning Glory"]
[BlackTeam "Sultana Kamal Smirity Pathagar"]
[WhiteTeamCountry "BAN"]
[BlackTeamCountry "BAN"]

1. e4 d6 2. d4 Nf6 3. Bd3 g6 4. Nf3 Bg7 5. h3 c6 6. 0-0 0-0 7. Bg5 h6 8. Be3 b6 9. c4 d5 10. cxd5 cxd5 11. e5 Ne8 12. Nc3 Ba6 13. Rc1 Nc7 14. Bxa6 Nbxa6 15. Qa4 Qe8 16. Qa3 Qd7 17. b4 Rfc8 18. Bd2 Nb8 19. Rfe1 Nc6 20. Qb3 Kh7 21. Ne2 Ne6 22. b5 Ncd8 23. a4 Bf8 24. Nh2 Ng7 25. Nc3 Rc4 26. Nxd5 Rxd4 27. Nc7 Rc8 28. Be3 Rd3 29. Qc4 Nf5 30. Ne6 Rxc4 31. Nxf8+ Kg7 32. Nxd7 Rxc1 33. Rxc1 Rxd7 34. Nf1 Ne6 35. Ra1 Nfd4 36. Kh2 Nb3 37. Ra3 Nbc5 38. Nd2 Nd4 39. Ra2 Nce6 40. Ne4 Rc7 41. Nd2 g5 42. Ne4 Kg6 43. g4 Nf3+ 44. Kg3 Nxe5 45. a5 Nc4 46. axb6 axb6 47. Ra6 Rb7 48. Nc3 Nxe3 49. fxe3 Nc5 50. Ra8 e6 51. Ne2 Ne4+ 52. Kf3 Nd6 53. Nd4 e5 54. Rd8 Nc4 55. Nf5 f6 56. Rh8 Rh7 57. Rb8 Rc7 58. Rh8 Rh7 59. Rg8+ Kf7 60. Rc8 Na3 61. Rc7+ Kg8 62. Rc8+ Kf7 63. Rc7+ Kg8 64. Ne7+ Kf8 65. Ng6+ Kg8 66. Ne7+ Kf8 67. Nf5 Kg8 68. Rc6 Nxb5 69. Rxf6 Rb7 70. Rxh6 Nc3 71. Rg6+ Kf8 1/2-1/2

[Event "Dhaka Marcel 1st Division"]
[Site "Dhaka"]
[Date "2019.11.19"]
[Round "8.2"]
[White "Mohammad, Shameem"]
[Black "Sarbojit, Paul"]
[Result "1/2-1/2"]
[WhiteElo "2015"]
[BlackElo "2074"]
[PlyCount "36"]
[EventDate "2019.11.12"]
[EventType "team-tourn"]
[EventRounds "9"]
[EventCountry "BAN"]
[SourceTitle "CBM 193 Extra"]
[Source "ChessBase"]
[SourceDate "2020.01.31"]
[SourceVersion "1"]
[SourceVersionDate "2020.01.31"]
[SourceQuality "1"]
[WhiteTeam "Mir CC"]
[BlackTeam "Khelaghar Daba Sangah"]
[WhiteTeamCountry "BAN"]
[BlackTeamCountry "BAN"]

1. d4 d5 2. Nf3 Nf6 3. g3 c6 4. Bg2 Bg4 5. Ne5 Bf5 6. c4 e6 7. 0-0 Nbd7 8. Qb3 Qb6 9. Qxb6 axb6 10. cxd5 exd5 11. Nc3 Bd6 12. Bf4 Bxe5 13. dxe5 Ne4 14. Nxe4 dxe4 15. Rfd1 Nc5 16. Rd2 Nd7 17. Rdd1 Nc5 18. Rd2 Nd7 1/2-1/2

[Event "Dhaka Marcel 1st Division"]
[Site "Dhaka"]
[Date "2019.11.17"]
[Round "6.1"]
[White "Mohammad, Shameem"]
[Black "Imam, Farhadur"]
[Result "1/2-1/2"]
[WhiteElo "2015"]
[BlackElo "2033"]
[PlyCount "122"]
[EventDate "2019.11.12"]
[EventType "team-tourn"]
[EventRounds "9"]
[EventCountry "BAN"]
[SourceTitle "CBM 193 Extra"]
[Source "ChessBase"]
[SourceDate "2020.01.31"]
[SourceVersion "1"]
[SourceVersionDate "2020.01.31"]
[SourceQuality "1"]
[WhiteTeam "Mir CC"]
[BlackTeam "Basir Memorial"]
[WhiteTeamCountry "BAN"]
[BlackTeamCountry "BAN"]

1. d4 d5 2. Nf3 Nf6 3. g3 Bf5 4. Bg2 e6 5. 0-0 c5 6. c4 cxd4 7. Nxd4 Be4 8. Nc3 Bxg2 9. Kxg2 Be7 10. Qa4+ Nbd7 11. cxd5 exd5 12. Qb5 Qb6 13. Nxd5 Qxd4 14. Nc7+ Kd8 15. Nxa8 Qe4+ 16. f3 Qc6 17. Qxc6 bxc6 18. Be3 Kc8 19. Bxa7 Kb7 20. Bd4 Rxa8 21. a3 Bc5 22. Rfd1 Nd5 23. e4 Bxd4 24. Rxd4 N5b6 25. Rad1 Nc5 26. Rd8 Kc7 27. Rxa8 Nxa8 28. b4 Na4 29. f4 Nc3 30. Rd4 Nb6 31. Kf3 Nb5 32. Rd3 Nc4 33. e5 Ncxa3 34. Ke4 Nc2 35. Rb3 g6 36. g4 Kd7 37. Rh3 Nxb4 38. Rxh7 Ke8 39. f5 gxf5+ 40. gxf5 Nc3+ 41. Kd4 Ncd5 42. Kc5 Nd3+ 43. Kxc6 Ne7+ 44. Kd6 Nxf5+ 45. Kd5 Ne7+ 46. Kd6 Nf5+ 47. Kd5 Ne7+ 48. Kd4 Nf4 49. h4 Kf8 50. Rh8+ Ng8 51. Ke4 Ng6 52. Rh7 N8e7 53. h5 Nh4 54. Rh6 Nhf5 55. Rf6 Ng3+ 56. Kd4 Nxh5 57. Rf3 Ng7 58. Rxf7+ Kxf7 59. e6+ Kxe6 60. Ke4 Ngf5 61. Kf4 Nd5+ 1/2-1/2

[Event "Dhaka Marcel 1st Division"]
[Site "Dhaka"]
[Date "2019.11.12"]
[Round "1.2"]
[White "Mohammad, Shameem"]
[Black "Md Sirajul, Islam"]
[Result "1-0"]
[WhiteElo "2015"]
[BlackElo "1768"]
[PlyCount "87"]
[EventDate "2019.11.12"]
[EventType "team-tourn"]
[EventRounds "9"]
[EventCountry "BAN"]
[SourceTitle "CBM 193 Extra"]
[Source "ChessBase"]
[SourceDate "2020.01.31"]
[SourceVersion "1"]
[SourceVersionDate "2020.01.31"]
[SourceQuality "1"]
[WhiteTeam "Mir CC"]
[BlackTeam "Kasparov CC"]
[WhiteTeamCountry "BAN"]
[BlackTeamCountry "BAN"]

1. d4 Nf6 2. Nf3 e6 3. g3 Be7 4. Bg2 d5 5. c4 c6 6. 0-0 0-0 7. b3 Ne4 8. Qc2 f5 9. Bf4 Nd7 10. Ne5 Nxe5 11. Bxe5 Bf6 12. f4 Bxe5 13. fxe5 Bd7 14. Nd2 Qg5 15. Rf4 Qh5 16. Nxe4 fxe4 17. Raf1 Rxf4 18. Rxf4 Rf8 19. Rxf8+ Kxf8 20. Qd2 a5 21. Bf1 b6 22. c5 bxc5 23. Qxa5 cxd4 24. Qc5+ Ke8 25. Qxd4 Qg5 26. Qc3 c5 27. e3 h5 28. Qxc5 Qxe5 29. Qd4 Qg5 30. Be2 h4 31. Kg2 hxg3 32. hxg3 Qh6 33. a4 Kf8 34. a5 e5 35. Qxd5 Qxe3 36. Qd6+ Ke8 37. Qxe5+ Kd8 38. Qb8+ Ke7 39. Qb4+ Kd8 40. Qb6+ Qxb6 41. axb6 Kc8 42. Ba6+ Kd8 43. Bb7 Bc6 44. Ba6 1-0

[Event "BAN Walton 1st League"]
[Site "Dhaka"]
[Date "2018.10.29"]
[Round "5.4"]
[White "Srijit, Paul"]
[Black "Mohammad, Shameem"]
[Result "1-0"]
[WhiteElo "2292"]
[BlackElo "2045"]
[PlyCount "43"]
[EventDate "2018.10.25"]
[EventType "team-tourn"]
[EventRounds "11"]
[EventCountry "BAN"]
[SourceTitle "CBM 187 Extra"]
[Source "ChessBase"]
[SourceDate "2018.11.04"]
[SourceVersion "1"]
[SourceVersionDate "2018.11.04"]
[SourceQuality "1"]
[WhiteTeam "Uttara Central CC"]
[BlackTeam "Mir CC"]
[WhiteTeamCountry "BAN"]
[BlackTeamCountry "BAN"]

1. e4 d6 2. d4 g6 3. Nc3 Bg7 4. f4 Nf6 5. Nf3 c6 6. Bd3 Qb6 7. e5 dxe5 8. fxe5 Nd5 9. Ne4 Nb4 10. Bc4 Bf5 11. Qe2 0-0 12. c3 Nd5 13. 0-0 h6 14. Nh4 Be6 15. Nc5 Bc8 16. e6 g5 17. Nf5 Qd8 18. Bd3 Nf6 19. Nxh6+ Bxh6 20. Rxf6 Kg7 21. Qe4 Kxf6 22. Qe5# 1-0

[Event "Dhaka Powertec op-A"]
[Site "Dhaka"]
[Date "2017.07.20"]
[Round "6"]
[White "Mohammad, Shameem"]
[Black "Hossain, Delwar"]
[Result "1-0"]
[WhiteElo "2002"]
[BlackElo "2137"]
[PlyCount "121"]
[EventDate "2017.07.15"]
[EventType "swiss"]
[EventRounds "9"]
[EventCountry "BAN"]
[SourceTitle "EXT 2018"]
[Source "ChessBase"]
[SourceDate "2017.10.13"]
[SourceVersion "1"]
[SourceVersionDate "2017.10.13"]
[SourceQuality "1"]

1. d4 c5 2. Nf3 cxd4 3. Nxd4 Nc6 4. g3 Nf6 5. Bg2 g6 6. 0-0 Bg7 7. c4 0-0 8. Nc3 Qc7 9. Bg5 Qd8 10. Rc1 h6 11. Be3 Ng4 12. Nxc6 Nxe3 13. Nxd8 Nxd1 14. Rfxd1 Rxd8 15. b3 Rb8 16. Nd5 Kf8 17. c5 b6 18. cxb6 axb6 19. Nb4 Bb7 20. Rc7 Bxg2 21. Kxg2 Ke8 22. f4 e6 23. a4 Bf8 24. Nd3 Rdc8 25. Rdc1 Rxc7 26. Rxc7 Kd8 27. Rc2 Bd6 28. e4 Ra8 29. e5 Be7 30. Kf3 Ra5 31. Ke4 b5 32. Nc5 Ra8 33. Nb7+ Ke8 34. axb5 Rb8 35. Rc7 Bd8 36. Nxd8 Kxd8 37. Rc5 Rb7 38. Kd4 Ke7 39. Kc4 d5+ 40. exd6+ Kxd6 41. Rc6+ Kd7 42. Kc5 f6 43. b6 g5 44. Rd6+ Ke7 45. Rd2 Rb8 46. Kc6 Rc8+ 47. Kb5 Rb8 48. fxg5 hxg5 49. b4 e5 50. Kc6 Rc8+ 51. Kb7 Rc4 52. Rb2 f5 53. Ka8 Rc8+ 54. Ka7 f4 55. b7 Rf8 56. gxf4 gxf4 57. b8Q Rxb8 58. Kxb8 Ke6 59. b5 f3 60. b6 e4 61. Rf2 1-0

[Event "Dhaka Powertec op-A"]
[Site "Dhaka"]
[Date "2017.07.18"]
[Round "4"]
[White "Ahmed, Shafiq"]
[Black "Mohammad, Shameem"]
[Result "0-1"]
[WhiteElo "2166"]
[BlackElo "2002"]
[PlyCount "105"]
[EventDate "2017.07.15"]
[EventType "swiss"]
[EventRounds "9"]
[EventCountry "BAN"]
[SourceTitle "EXT 2018"]
[Source "ChessBase"]
[SourceDate "2017.10.13"]
[SourceVersion "1"]
[SourceVersionDate "2017.10.13"]
[SourceQuality "1"]

1. e4 d6 2. d4 g6 3. Nf3 Bg7 4. Bc4 c6 5. Bb3 Nf6 6. Qe2 0-0 7. 0-0 Bg4 8. h3 Bxf3 9. Qxf3 Qa5 10. Nd2 Qh5 11. g4 Qa5 12. Nc4 Qc7 13. Bf4 b5 14. Ne3 Nbd7 15. c3 a5 16. Bh2 a4 17. Bc2 Nb6 18. Qg2 e5 19. f4 exf4 20. Rxf4 Nfd7 21. g5 c5 22. d5 b4 23. Ng4 bxc3 24. Nf6+ Nxf6 25. gxf6 Bh6 26. bxc3 Bxf4 27. Bxf4 Nd7 28. Qg3 Ne5 29. Rf1 Kh8 30. Bg5 Qb7 31. Bc1 Qb5 32. Rf2 Qc4 33. a3 Rg8 34. Bh6 Rab8 35. Bc1 Rb3 36. Bxb3 axb3 37. Qe3 Nd3 38. Bb2 Nxf2 39. Kxf2 g5 40. Qf3 Rg6 41. Ke3 Qb5 42. Qf5 c4 43. Qc8+ Rg8 44. Qc7 Qc5+ 45. Qxc5 dxc5 46. e5 h5 47. e6 fxe6 48. dxe6 Re8 49. e7 Kg8 50. Ke4 Kf7 51. Kd5 Kxf6 52. Kxc5 Rxe7 53. Kxc4 0-1